Die tatsächliche Bedeutung von Opferrechten in der Deutschen Strafprozeßordnung

Gespeichert in:  
Bibliographische Detailangaben
1. VerfasserIn: Kühne, Hans-Heiner 1943- (Verfasst von)
Medienart: Druck Aufsatz
Sprache:Englisch
Veröffentlicht: 1986
In: Monatsschrift für Kriminologie und Strafrechtsreform
Jahr: 1986, Band: 69, Heft: 2, Seiten: 98-102
Verfügbarkeit prüfen: HBZ Gateway
Schlagwörter:

MARC

LEADER 00000caa a2200000 c 4500
001 1630656674
003 DE-627
005 20220607122609.0
007 tu
008 120328s1986 xx ||||| 00| ||eng c
035 |a (DE-627)1630656674 
035 |a (DE-576)362739234 
035 |a (DE-599)BSZ362739234 
040 |a DE-627  |b ger  |c DE-627  |e rakwb 
041 |a eng 
100 1 |a Kühne, Hans-Heiner  |d 1943-  |0 (DE-588)118152572  |0 (DE-627)079274463  |0 (DE-576)161853838  |4 aut 
109 |a Kühne, Hans-Heiner 1943-  |a Kühne, Hans Heiner 1943-  |a Kühne, Hans H. 1943-  |a Kühne, H.-H. 1943- 
245 1 4 |a Die tatsächliche Bedeutung von Opferrechten in der Deutschen Strafprozeßordnung  |c Hans-Heiner Kühne 
264 1 |c 1986 
336 |a Text  |b txt  |2 rdacontent 
337 |a ohne Hilfsmittel zu benutzen  |b n  |2 rdamedia 
338 |a Band  |b nc  |2 rdacarrier 
773 0 8 |i In  |t Monatsschrift für Kriminologie und Strafrechtsreform  |d Berlin : Walter de Gruyter GmbH, 1953  |g 69(1986), 2, Seite 98-102  |w (DE-627)129082368  |w (DE-600)3659-6  |w (DE-576)014415364  |x 0026-9301  |7 nnas 
773 1 8 |g volume:69  |g year:1986  |g number:2  |g pages:98-102 
951 |a AR 
ELC |b 1 
LOK |0 000 xxxxxcx a22 zn 4500 
LOK |0 001 328039242X 
LOK |0 003 DE-627 
LOK |0 004 1630656674 
LOK |0 005 20250508095033 
LOK |0 008 120328||||||||||||||||ger||||||| 
LOK |0 040   |a DE-21-110  |c DE-627  |d DE-21-110 
LOK |0 689   |a s  |a Opferrechte 
LOK |0 689   |a s  |a Strafverfahren 
LOK |0 689   |a s  |a Nebenklage 
LOK |0 852   |a DE-21-110 
LOK |0 852 1  |m p  |9 00 
LOK |0 935   |a k110 
LOK |0 938   |k p 
LOK |0 939   |a 28-03-12  |b l01 
ORI |a SA-MARC-krimdoka001.raw